|
|
|
|
| LEADER |
00000nab a2200000 a 4500 |
| 001 |
vtls000615480 |
| 003 |
SK-MaSNL |
| 005 |
20260319074626.0 |
| 008 |
160401c1997 xo 0 hun |
| 015 |
|
|
|a SNBRB19rr/mm-uuuuu
|
| 035 |
|
|
|a CL0615619
|
| 040 |
|
|
|a SNKBUCL
|b slo
|c SNKBUCL
|e AACR2
|
| 041 |
0 |
|
|a hun
|
| 044 |
|
|
|a xo
|c SK
|
| 080 |
|
|
|a 371.1(437.6=945.11):061.2
|2 1981
|
| 100 |
1 |
|
|a Fodor, Attila
|4 aut
|9 890546
|
| 245 |
1 |
0 |
|a Megőrizni iskoláink magyar jellegét
|b Füleken ülésezett a Szlovákiai Magyar Pedagógusok Szövetségének Országos Választmánya
|c Attila Fodor, -enes-
|
| 500 |
|
|
|a Text stanoviska ZMPS na str. 1
|
| 650 |
0 |
7 |
|a Zväz maďarských pedagógov na Slovensku
|2 snkbucl
|9 898622
|
| 651 |
|
7 |
|a 5305
|2 snkbucl
|9 277892
|
| 655 |
|
7 |
|a články z novín a časopisov
|2 snkbucl
|9 267496
|
| 700 |
1 |
|
|a -enes-
|4 aut
|9 900753
|
| 773 |
0 |
|
|t Szabad újság
|g Roč. 5, č. 7 (1997), s. 2
|
| 850 |
|
|
|a Slovenská národná knižnica v Martine
|a DSG001
|
| 852 |
|
|
|a SNK
|b KIS3GCP
|
| 958 |
|
|
|a HU
|
| 958 |
|
|
|a SK
|
| 958 |
|
|
|a RK
|
| 958 |
|
|
|a RBX
|
| 999 |
|
|
|c 1604591
|d 1606521
|